Datum a čas kvízu
26.5
Celkem bodů
Celkový počet nahraných bodů na tomto kvízu bez doplňovacích otázek.
5.
Pořadí na kvízu
Konečné umístění týmu na tomto kvízu.
Zaznamenané odpovědi
| # | Otázka | Odpověď | Body | Výsledky |
|---|---|---|---|---|
| 1. | Co bylo hlavní motivací kavárn... | C | 1 | |
| 2. | Na Světovém ekonomickém fóru v... | Václava Havla | 1 | |
| 3. | Který hororový snímek získal v... | Hříšníci/Sinners | 0 | |
| 4. | Minulý týden se měnilo pořadí... | Michal Strnad | 1 | |
| 5. | Minulý týden česká média infor... | plyšovým aligátorem | 0 | |
| 6. | Jak se jmenuje italský horolez... | Reinhold Messner | 1 | |
| 7. | Jak se trojslovně jmenuje tato... | lezení na rychlost | 1 | |
| 8. | Jak se jmenuje tento základní... | dračí smyčka | 1 | |
| 9. | Po půl bodu můžete získat, kdy... | El Capitan, Yosemite | 0 | |
| 10. | Jak se jmenuje fenomenální slo... | B) Janja Garnbret | 0 |